Drake Albums Picture Quiz - Statistics

General Stats
  • This quiz has been taken 705 times
  • The average score is 12 of 24
Answer Stats
Picture Hint Answer % Correct
Views
96%
Scorpion
95%
Take Care
93%
Honestly, Nevermind
91%
For All The Dogs
89%
With 21 Savage Her Loss
81%
If You're Reading This It's Too Late
78%
More Life
78%
Certified Lover Boy
69%
Care Package
53%
Nothing Was the Same
51%
Thank Me Later
50%
Dark Lane Demo Tapes
49%
With Future What a Time to be Alive
41%
So Far Gone (Mixtape)
36%
100 Gigs
33%
Scary Hours 2
25%
Scary Hours
21%
So Far Gone (EP)
20%
Room for Improvement
13%
Comeback Season
11%
The Best In the World Pack
8%
With Young Money We Are Young Money
3%
With Young Money Young Money: Rise of an Empire
3%
No matching quizzes found
Score Distribution
Percent of People with Each Score
Percentile by Number Answered
Your Score History
You have not taken this quiz